| 000 | 00434nam a2200145Ia 4500 | ||
|---|---|---|---|
| 008 | 220216s9999 xx 000 0 und d | ||
| 100 | _aDe Silva K G K | ||
| 245 | 0 | _aHeat resistant superior processing tellurium rubbers | |
| 260 |
_bBulletin of the Rubber Research Institute of Sri Lanka _c1986 |
||
| 300 | _a4-Mar | ||
| 650 | _aNatural rubber | ||
| 650 | _aSuperior processing rubber | ||
| 650 | _aTellurium rubbers | ||
| 942 | _cJS | ||
| 999 |
_c60254 _d60254 |
||